[Event "Madrid-ch sf-A"]
[Site "Madrid"]
[Date "2009.01.14"]
[Round "3"]
[White "Lopez Melgar, Enrique"]
[Black "Perez Cameselle, Francisco Jose"]
[Result "1-0"]
[WhiteElo "2217"]
[BlackElo "1996"]
[PlyCount "77"]
[EventDate "2009.01.12"]
[EventType "swiss"]
[EventRounds "9"]
[EventCountry "ESP"]
[SourceTitle "CBM 128 Extra"]
[Source "ChessBase"]
[SourceDate "2009.03.05"]
[SourceVersion "2"]
[SourceVersionDate "2009.03.25"]
[SourceQuality "1"]

1. e4 g6 2. d4 Bg7 3. Nc3 c6 4. h3 d6 5. g3 Nf6 6. Bg2 Nbd7 7. Nge2 e5 8. 0-0 0-0 9. Be3 Ne8 10. Qd2 f5 11. Bg5 Bf6 12. Bh6 Bg7 13. Rad1 Qe7 14. Bxg7 Nxg7 15. dxe5 dxe5 16. exf5 gxf5 17. f4 Ne6 18. Qd6 Qxd6 19. Rxd6 Nb6 20. b3 exf4 21. Nxf4 Nxf4 22. Rxf4 Kg7 23. Rfd4 Rf6 24. Ne2 Be6 25. Nf4 Bf7 26. Rd8 Rxd8 27. Rxd8 Bg6 28. c4 Rf7 29. c5 Nd7 30. b4 Kf6 31. h4 Ke7 32. Ra8 Nf6 33. Rxa7 Kd8 34. Nxg6 hxg6 35. Bxc6 Kc8 36. b5 Ne4 37. b6 Kb8 38. Bxe4 fxe4 39. c6 1-0

[Event "Madrid-ch 65th"]
[Site "Madrid"]
[Date "2002.04.25"]
[Round "10"]
[White "Ballesteros Gonzalez, David"]
[Black "Lopez Melgar, Enrique"]
[Result "0-1"]
[WhiteElo "2277"]
[BlackElo "2193"]
[PlyCount "82"]
[EventDate "2002.04.15"]
[EventType "tourn"]
[EventRounds "11"]
[EventCountry "ESP"]
[SourceTitle "EXT 2003"]
[Source "ChessBase"]
[SourceDate "2002.11.25"]
[SourceVersion "1"]
[SourceVersionDate "2002.11.25"]
[SourceQuality "1"]

1. e4 c5 2. b3 Nc6 3. f4 d6 4. Bb5 e6 5. Bxc6+ bxc6 6. Bb2 d5 7. e5 Ne7 8. Nf3 Ba6 9. d3 Nf5 10. Qe2 Be7 11. 0-0 h5 12. Nbd2 Rb8 13. c4 h4 14. Rfe1 Rh6 15. Nf1 d4 16. Bc1 Rg6 17. Ng5 Bc8 18. Qh5 Bxg5 19. fxg5 Qa5 20. Bd2 Qa3 21. Rab1 Ke7 22. g4 hxg3 23. hxg3 Qxa2 24. Ra1 Qxb3 25. g4 Qxd3 26. gxf5 Qxf5 27. Rxa7+ Bd7 28. Ra3 Rb2 29. Rf3 Qc2 30. Rc1 Qa4 31. Rf2 Rb3 32. Bf4 Qa3 33. Rcc2 Rh3 34. Qg4 Rd3 35. Ng3 f5 36. exf6+ gxf6 37. Ne4 f5 38. Bd6+ Kd8 39. Qh5 fxe4 40. Qxg6 Rg3+ 41. Kh1 Qa1+ 0-1

[Event "Madrid-ch 65th"]
[Site "Madrid"]
[Date "2002.04.20"]
[Round "6"]
[White "Lopez Melgar, Enrique"]
[Black "Lopez de Turiso, Jose Angel"]
[Result "1-0"]
[WhiteElo "2193"]
[BlackElo "2115"]
[PlyCount "74"]
[EventDate "2002.04.15"]
[EventType "tourn"]
[EventRounds "11"]
[EventCountry "ESP"]
[SourceTitle "EXT 2003"]
[Source "ChessBase"]
[SourceDate "2002.11.25"]
[SourceVersion "1"]
[SourceVersionDate "2002.11.25"]
[SourceQuality "1"]

1. e4 e5 2. f4 exf4 3. Nf3 d6 4. d4 g5 5. h4 g4 6. Ng1 Bh6 7. Ne2 Qf6 8. Nbc3 f3 9. Ng3 f2+ 10. Ke2 b6 11. Qd3 Ba6 12. Nb5 Bxc1 13. Rxc1 Kd8 14. c4 Ne7 15. Qe3 Nbc6 16. Rd1 Rf8 17. Rd2 Kd7 18. Kd1 Rae8 19. Be2 Rg8 20. Rf1 Qxh4 21. Rxf2 Nd8 22. c5 dxc5 23. dxc5+ Kc8 24. Nd6+ cxd6 25. Bxa6+ Kb8 26. cxb6 Nec6 27. bxa7+ Ka8 28. Nf5 Qh1+ 29. Rf1 Qh2 30. Nxd6 Re7 31. Qb6 Rxa7 32. Nb5 Re7 33. Nd4 Qc7 34. Qb5 Rxe4 35. Qd5 Re5 36. Qc4 Rg6 37. Bb5 Rd6 1-0